000 00370nam a2200157Ia 4500
003 Ost
005 20260225132551.0
008 260225s9999||||xx |||||||||||||| ||und||
040 _cfsic
041 _afre
082 _a790.92
100 _aGeorges charenseel
_eAuteur
245 0 _aRenaissance du cinema Français /
245 0 _cGeorges charenseel
942 _cكتاب
999 _c34132
_d34132